Snobissimo ou le désir de paraître /

Kaydedildi:
Detaylı Bibliyografya
Yazar: Daninos, Pierre (autor)
Materyal Türü: Kitap
Dil:Fransızca
Baskı/Yayın Bilgisi: París, Francia : Le Livre de Poche, 1973, c1973
Etiketler: Etiketle
Etiket eklenmemiş, İlk siz ekleyin!

MARC

LEADER 00000nam^a2200000^a^4500
001 000561538
005 20250521000000.0
009 20260310131926.55
037 |a Acervo ITESO - Biblioteca 
041 |a FRA 
091 |a FGM. 01536 
100 |a Daninos, Pierre  |e (autor) 
245 1 0 |a Snobissimo ou le désir de paraître / 
264 4 |a París, Francia :  |b Le Livre de Poche,  |c 1973, c1973 
300 |a 282 p. 
336 |a texto  |b txt  |2 rdacontenido 
337 |a sin mediación  |b n  |2 rdamedio 
338 |a volumen  |b nc  |2 rdasoporte 
649 |a XX 
910 |a Fondo Efraín González Morfín 
920 |a Impresos - Libros 
930 |a Fondos Especiales 
905 |a 130 
901 |a 0500386126  |b IT2  |c ESL  |u 20250521 
902 |a https://opac.biblio.iteso.mx/vufind/Record/000561538